000 00545nam a2200145Ia 4500
005 20260209120128.0
008 260209s9999||||xx |||||||||||||| ||und||
100 _aAbbas
245 0 _aEast Africa common market with special reference to Tanzania
260 _aBangaloreBangalore
_bNLSIU
_c2010
300 _a111 p. ; 25 cm.
650 _aCommon Market - East Africa Free Trade Area - East Africa - Tanzania
700 _aProf. (Dr.) A Jayagovind - GuideProf. (Dr.) A Jayagovind - Guide
856 _uhttps://dans.nls.ac.in/handle/123456789/1917
999 _c216956
_d216956